Datum a čas kvízu
32.5
Celkem bodů
Celkový počet nahraných bodů na tomto kvízu bez doplňovacích otázek.
6.
Pořadí na kvízu
Konečné umístění týmu na tomto kvízu.
Zaznamenané odpovědi
| # | Otázka | Odpověď | Body | Výsledky |
|---|---|---|---|---|
| 1. | Centrum alternativní medicíny... | AKTIP | 1 | |
| 2. | Londýnská metropolitní policie... | Ekvádor | 0 | |
| 3. | Australský herec vyhrál soudní... | Geoffrey Rush | 1 | |
| 4. | Strakonická firma, specializuj... | Moira | 1 | |
| 5. | Bývalý kapitán reprezentace On... | ve volejbale | 1 | |
| 6. | V tomto tématu se podíváme na... | Všechno bude, Zelená kniha | 0.5 | |
| 5. | Jak se jmenuje komediální road... | Blbý a blbější | 1 | |
| 8. | Na komediální road movie Pařba... | Bangkok | 1 | |
| 5. | V českém prostředí jsou v dneš... | v Indii | 0 | |
| 10. | Jistou formou road movies jsou... | v Argentině | 0 |